Filosofía de la religión
保存先:
| 第一著者: | |
|---|---|
| フォーマット: | 図書 |
| 言語: | スペイン語 |
| 出版事項: |
Salamanca
Ediciones Sígueme
2003
|
| 版: | 1a. ed |
| シリーズ: | Hermeneia, 54
|
| 主題: | |
| タグ: |
タグ追加
タグなし, このレコードへの初めてのタグを付けませんか!
|
MARC
| LEADER | 00000cam a2200000 a 4500 | ||
|---|---|---|---|
| 001 | UCE1459 | ||
| 003 | CL-VaPUC | ||
| 008 | 140414e20030000sp |||||||||||||||||spa|d | ||
| 020 | |a 8430114807 | ||
| 082 | 0 | 4 | |a 210.1 |b SCH |2 21 |
| 100 | |a Schaeffler, Richard |e autor |9 573761 | ||
| 245 | 1 | 0 | |a Filosofía de la religión |
| 250 | |a 1a. ed | ||
| 300 | |a 302 p | ||
| 942 | |c BK | ||
| 945 | |d 20140414 |a dcastane | ||
| 260 | |a Salamanca |b Ediciones Sígueme |c 2003 | ||
| 650 | 0 | |a Filosofía de la religión |9 256017 | |
| 650 | 7 | |a TEOLOGIA FILOSOFICA |2 CL-VaPUC |9 333850 | |
| 583 | |a last modification |c 20140424 12:12:55 |k Rodrigo Vera | ||
| 490 | 0 | |a Hermeneia, 54 | |
| 999 | |c 355240 |d 355238 | ||
| 952 | |0 0 |1 0 |3 erb |4 0 |6 210_100000000000000_SCH_2003 |7 0 |8 A |9 461794 |a BIBTEO |b BIBTEO |i 5068061 |o 210.1 SCH 2003 |p 5068061 |r 2025-01-17 |w 2019-11-23 |y BK |z Catalogado en:20140414 |k ICR | ||
| 952 | |0 0 |1 0 |3 erb |4 0 |6 210_100000000000000_SCH_2003 |7 0 |8 A |9 461795 |a BIBTEO |b BIBTEO |i 5356237 |o 210.1 SCH 2003 |p 5356237 |r 2025-01-17 |w 2019-11-23 |y BK |z Catalogado en:20161216 |k ICR | ||
| 952 | |0 0 |1 0 |3 erb |4 0 |6 210_100000000000000_SCH_2003 |7 0 |8 A |9 461796 |a BIBTEO |b BIBTEO |i 5439582 |l 2 |o 210.1 SCH 2003 |p 5439582 |r 2025-01-17 |s 2023-07-10 |w 2019-11-23 |y BK |z Catalogado en:20171201 |k ICR | ||